000 00344pam a2200157a 44500
008 230515b1979 xxu||||| |||| 00| 0 eng d
020 _aNULL
041 _aENGLISH
082 _a630
100 _aPERELMAN YA I
245 _aALGEBRA CAN BE FUN
250 _a0
260 _aMOSCOW
_bMIR PUBLISHERS
_c1979
300 _a227
650 _aNULL
999 _c651325
_d651325